Greatest MLB Players Without A Ring - Statistics

General Stats
  • This quiz has been taken 86 times
  • The average score is 20 of 40
Answer Stats
Teams Pos Players % Correct
Chicago Cubs OF Billy Williams
91%
Boston Red Sox OF Ted Williams
91%
Seattle Mariners OF Ken Griffey Jr.
90%
San Deigo Padres OF Tony Gwynn
87%
Chicago Cubs SS Ernie Banks
84%
Milwaukee Brewers SS Robin Yount
77%
New York Mets C Mike Piazza
76%
Detroit Tigers OF Ty Cobb
76%
Boston Red Sox OF Carl Yastrzemski
74%
Houston Astros 2B Craig Biggio
74%
Houston Astros 1B Jeff Bagwell
73%
San Francisco Giants OF Barry Bonds
71%
Minnesota Twins 1B Harmon Killebrew
71%
San Francisco Giants 1B Willie McCovey
69%
Cleveland Naps 2B Nap Lajoie
66%
Seattle Mariners OF Ichiro Suzuki
64%
Chicago Cubs 2B Ryne Sandberg
63%
Seattle Mariners 3B Edgar Martinez
60%
Minnesota Twins 2B Rod Carew
59%
San Diego Padres CP Trevor Hoffman
59%
New York Yankees 1B Don Mattingly
51%
Chicago Cubs 3B Ron Santo
50%
Chicago White Sox C Carlton Fisk
46%
Chicago Cubs P Fergie Jenkins
46%
San Francisco Giants P Juan Marichal
44%
Chicago Cubs OF Andre Dawson
40%
Philadelphia Phillies P Robin Roberts
40%
Atlanta Braves OF Dale Murphy
37%
Los Angeles Dodgers P Don Sutton
31%
Boston Red Sox 2B Bobby Doerr
29%
Pittsburgh Pirates OF Ralph Kiner
26%
San Francisco Giants P Gaylord Perry
21%
St. Louis Browns 1B George Sisler
21%
Chicago Cubs OF Hack Wilson
21%
Chicago White Sox P Nellie Fox
21%
Pittsburgh Pirates SS Arky Vaughan
16%
Chicago White Sox P Early Wynn
14%
Chicago Cubs 3B Dick Allen
7%
Detroit Tigers 3B George Kell
6%
Cincinnati Reds P Eppa Rixey
1%
No matching quizzes found
Score Distribution
Percent of People with Each Score
Percentile by Number Answered
Your Score History
You have not taken this quiz